| 000 | 01159nam a22002657a 4500 | ||
|---|---|---|---|
| 001 | BD-DhSAU 9278 | ||
| 003 | BD-DhSAU | ||
| 005 | 20260513111833.0 | ||
| 008 | 260513b2018 bg a|||| m||| 00| 0 eng d | ||
| 040 | _aBD-DhSAU | ||
| 082 |
_222 _a636.085 _bM2781 |
||
| 100 |
_aA.N.M. MAHIBULLAH _eRegistration # 17-08001 |
||
| 245 |
_aEffects of dietary peppermint (mentha piperita)
supplementation on growth performance, carcass
characteristics and immune parameters in japanese
quail /
_bMS thesis |
||
| 260 |
_aSher-e-Bangla Agricultural University; _bDepartment of Animal nutrition, genetics and breeding ; _c2024. |
||
| 300 |
_axiii, 65p. : _bill. ; _c30 cm. |
||
| 500 | _aMS thesis of Department of Animal nutrition, genetics and breeding ;, ;, Faculty of ASVM. Sher-e-Balgla Agricultural University Dhaka-1207 | ||
| 504 | _aIncludes bibliographical reference. | ||
| 590 | _aNazmul | ||
| 650 | _adietary peppermint (mentha piperita) | ||
| 650 | _aimmune parameters in japanese quail | ||
| 700 |
_aProf. Dr. Mofassara Akter _eSuperviser |
||
| 710 |
_eCo-Superviser _aAssico. Prof. Dr. Md. Aftabuzzaman |
||
| 942 |
_2ddc _cTHESIS |
||
| 999 |
_c18401 _d18400 |
||